• 首页
  • 本馆介绍
  • 公告通知
  • 最新文献
  • 馆藏检索
  • 电子资源
  • 读者导购
  • 参考咨询
  • 我的图书馆
  • 登录
  • 详细信息显示
  • 放入我的书架
  • 预约/预借图书
  • 作者相关作品
  • 分类相关作品
  • 丛书相关作品
  • 出版社相关作品

书目信息

  • 表格格式
  • 工作单格式
  • 卡片格式
题名:
血液的奥秘
    
 
作者: 伍焜玉 著
分册:  
出版信息: 北京   科学出版社  2015
页数: 151页
开本: 23cm
丛书名:
单 册:
中图分类: R322.2-49
科图分类:
主题词: 血液--xue ye--普及读物
电子资源:
ISBN: 978-7-03-045123-1
000 01576nam0 22002771 450
001 0118172130
005 20170618172130.0
010    @a978-7-03-045123-1@dCNY38.00
100    @a20150805d2015 em y0chiy50 ea
101 0  @achi
102    @aCN@b110000
105    @ay z 000yy
106    @ar
200 1  @a血液的奥秘@Axue ye de ao bi@dThe secret of blood@e你必须知道的血液知识@f伍焜玉著@zeng
210    @a北京@c科学出版社@d2015
215    @a151页@d23cm
300    @a混沌沿岸
314    @a伍焜玉,毕业于台湾大学医学系,美国耶鲁大学硕士,英国伦敦大学药理学博士。
330    @a血液在人类对抗疾病的过程中,始终扮演非常关键的角色:心血管系统不仅负责我们全身的循环、代谢与免疫重任,蕴藏在血液中的研究与医疗资源、关于血液发现的故事,更是丰富、迷人得超乎你我想像——放血疗法曾经风行欧美,不但有人设计专门用来放血的箱子,这种方法后来甚至促成了外科医师的诞生!血友病一度被称为“贵族病”,贫血症曾经被误以为是精神病;医学界如何破除迷信,找到正确的病因?人体中制造血球的秘密基地究竟在哪里?直到第二次世界大战,广岛与长崎的原子弹爆发后,才终于有人揭开这个秘密。通过血液学的进展,各种癌症的早期诊断、专属于每个人的疾病治疗方式,在不久的将来都有可能实现!与你切身相关的血液知识,最重要的血液学研究成果,最有趣、惊险的血液疾病征服历程,以及血液中数不尽的宝藏,都在《血液的奥祕》,等你一一来发掘!
510 1  @aSecret of blood@zeng
517 1  @a你必须知道的血液知识@Ani bi xu zhi dao de xue ye zhi shi
606 0  @a血液@Axue ye@j普及读物
690    @aR322.2-49@v5
701  0 @a伍焜玉@Awu kun yu@4著
801  0 @aCN@bTANGWEI@c20170610
905    @b1008525-30@dR322.2-49@e278@f6
    
    血液的奥秘=The secret of blood:你必须知道的血液知识/伍焜玉著.-北京:科学出版社,2015
    151页;23cm
    混沌沿岸
    
    ISBN 978-7-03-045123-1:CNY38.00
    血液在人类对抗疾病的过程中,始终扮演非常关键的角色:心血管系统不仅负责我们全身的循环、代谢与免疫重任,蕴藏在血液中的研究与医疗资源、关于血液发现的故事,更是丰富、迷人得超乎你我想像——放血疗法曾经风行欧美,不但有人设计专门用来放血的箱子,这种方法后来甚至促成了外科医师的诞生!血友病一度被称为“贵族病”,贫血症曾经被误以为是精神病;医学界如何破除迷信,找到正确的病因?人体中制造血球的秘密基地究竟在哪里?直到第二次世界大战,广岛与长崎的原子弹爆发后,才终于有人揭开这个秘密。通过血液学的进展,各种癌症的早期诊断、专属于每个人的疾病治疗方式,在不久的将来都有可能实现!与你切身相关的血液知识,最重要的血液学研究成果,最有趣、惊险的血液疾病征服历程,以及血液中数不尽的宝藏,都在《血液的奥祕》,等你一一来发掘!
●
相关链接 在E读中查询图书 在五车中查询图书 在当当中查询图书 在豆瓣中查询图书


正题名:血液的奥秘     索取号:R322.2-49/278         预约/预借

序号 登录号 条形码 馆藏地/架位号 状态 备注
1 1008525   210085254   第二样本阅览室/ [索取号:R322.2-49/278] 在馆    
2 1008526   210085263   教育系资料室/ [索取号:R322.2-49/278] 在馆    
3 1008527   210085272   教育系资料室/ [索取号:R322.2-49/278] 在馆    
4 1008528   210085281   教育系资料室/ [索取号:R322.2-49/278] 在馆    
5 1008529   210085290   第三借阅区/ [索取号:R322.2-49/278] 在馆    
6 1008530   210085307   第三借阅区/ [索取号:R322.2-49/278] 在馆    
唐山师范学院图书馆 欢迎您!
大连网信软件有限公司© 版权所有